000 00904nam a22002297a 4500
999 _c1610
_d1610
003 AR-CdUCM
008 190227b ||||| |||| 00| 0 spa d
040 _aMUNICIPALIDAD PROVINCIAL DEL CUSCO
_cBIBLIOTECA MUNICIPAL DEL CUSCO
082 _a326 /
_bD65
100 _aDewey, John
_96029
245 _aLibertad y Cultura /
_cDewey, John
260 _aMexico :
_bEditorial Hispano Americana ,
_c1965.
300 _a177 paginas :
_c17 cm.
440 _aManuales de UTEHA
_n326/326a
_96030
505 _aEl Problema de la Libertad -- Cultura y Naturaleza Humana -- El fondo historico Norteamericano -- Economia Totalitaria y Democracia -- Democracia y Naturaleza Humana -- Ciencia y Libre Cultura -- La democracia...
650 _aDemocracia.
_92598
650 _aCultura y CIencia.
_96031
650 _aHumanidades.
_9641
700 _aDewey, John
_96029
942 _2ddc
_cLIBROS
945 _artm
_d2019-02-27